000 01240nam0a2200349 4500
001 RU\NLR\bibl\1248324
005 20250615123054.0
035 _a(NLR Aleph) 001234456
090 _a219183
_c219183
100 _a20080703d2008 |||y0rusy50 ca
101 0 _arus
102 _aRU
105 _aa |||||||||
200 1 _aПутешествие за аргамаками
_fАдольф Манжола, Ирина Тимощук
210 _aСанкт-Петербург
_cГиппомания
_d2008
215 _a415 с.
_cил.
_d21
327 1 _aСодерж.: Повести: Путешествие за аргамаками; Запорожцы; Полцарства за коня: очерки
601 0 2 _aЗапорожское войско
_92423840
_3RU\NLR\AUTH\6601661761
686 1 _aШ6(2=Р)75-442
686 1 _aШ6(2=Р)75-46
686 1 _aТ3(2)0-294
686 1 _aЦ59,8(2Ук)2-13
700 1 _aМанжола
_bА. П.
_gАдольф Петрович
_4070
701 1 _aТимощук
_bИ.
_gИрина
_4070
801 0 _aRU
_bNLR
_c20080703
_gRCR
801 1 _aRU
_bNLR
_c20080703
942 _cBOOK
980 _aNB